00767pam a2200241 a 4500999001500000001000900015003000400024005001700028008004100045010001300086020002400099040002300123082001700146092001700163245005700180260003500237300002000272504004000292650003800332700002100370942001200391952012200403 c6693d669314187300OSt20190117192620.0860822s1986 ilu b 000 0 eng  a86014601 a0802423140 (pbk.) : aDLCcDLCdm/cdCDC a158.1bM665H a158.1bM665H00aHow to beat burnout /cby Frank Minirth ... [et al.] aChicago :bMoody Press,cc1986 a151 p. ;c22 cm aIncludes bibliographical references 0aBurn out (Psychology)xPrevention10aMinirth, Frank B 2ddccBK 00102ddc40708NFICaHMCbHMCcGENd2019-01-17g950.00l0o158.1 M665Hp007632r2019-01-17 00:00:00w2019-01-17yBK